| 000 | 00440nam a2200181Ia 4500 | ||
|---|---|---|---|
| 001 | 7845 | ||
| 003 | GE_BSU | ||
| 008 | 181216s||||||||xx |||||||||||||| ||und|| | ||
| 040 | _cGE_BSU | ||
| 245 | _aLe point. №2139.2013. 12 Septembre | ||
| 245 | _bPeutLes Persecutes Comment resister | ||
| 245 | _cLeditorial de Franz-Olivier Giesbert | ||
| 260 | _aPARIS. | ||
| 260 | _c2013 | ||
| 300 | _a98pg;26sm. | ||
| 653 | _aLe point | ||
| 942 | _cCR | ||
| 999 |
_c41193 _d41193 |
||